| 000 | 00596nam a22002057a 4500 | ||
|---|---|---|---|
| 003 | OSt | ||
| 005 | 20140310182909.0 | ||
| 008 | 130128t xxu||||| |||| 00| 0 eng d | ||
| 020 | _a 9789715426053 | ||
| 050 |
_aDS660 . _bH632 2009 |
||
| 082 |
_aF899.21 _b .H632 2009 |
||
| 245 |
_aLooking for the Philippines : _btravel essays / _cHidalgo, Cristina P. |
||
| 260 |
_aDiliman, Q.C. : _bUniversity of the Philippines Press, _c2009. |
||
| 300 |
_axii, 257 p. ; _c23 cm. |
||
| 521 | _acollege students | ||
| 526 | _c1210L-1700L | ||
| 541 | _j1 | ||
| 562 | _e1 | ||
| 942 |
_2lcc _cBK _kFIL |
||
| 999 |
_c17205 _d17205 |
||